| 000 | 00339nam a2200133Ia 4500 | ||
|---|---|---|---|
| 005 | 20250729165453.0 | ||
| 008 | 250729s1979 xx 000 0 und d | ||
| 041 | _aeng | ||
| 082 | _a370 PRIM | ||
| 245 | _aPrimary & Secondary education in the Nordic Countries | ||
| 260 |
_aDenmark _c1979 |
||
| 300 | _a181p | ||
| 650 |
_aEducation _9224646 |
||
| 999 |
_c236515 _d236515 |
||